书目信息 |
| 题名: |
港澳台公民教育比较研究
|
|
| 作者: | 刘志山 , 梁桂麟 主编 | |
| 分册: | ||
| 出版信息: | 北京 中国社会科学出版社 2012 |
|
| 页数: | 224页 | |
| 开本: | 21cm | |
| 丛书名: | ||
| 单 册: | ||
| 中图分类: | D648.3 | |
| 科图分类: | ||
| 主题词: | 公民教育 , 公民教育--对比研究--香港--澳门--台湾 | |
| 电子资源: | ||
| ISBN: | 978-7-5161-1063-8 | |
| 000 | 00994nam0 2200265 45 | |
| 001 | 1360516859 | |
| 005 | 20130531101559.17 | |
| 010 | @a978-7-5161-1063-8@dCNY22.00 | |
| 100 | @a20130513d2012 em y0chiy50 ea | |
| 101 | 0 | @achi |
| 102 | @aCN@b110000 | |
| 105 | @ay z 000yy | |
| 106 | @ar | |
| 200 | 1 | @a港澳台公民教育比较研究@AGang Ao Tai Gong Min Jiao Yu Bi Jiao Yan Jiu@f刘志山,梁桂麟主编@FLiu Zhi Shan, Liang Gui Lin Zhu Bian |
| 210 | @a北京@c中国社会科学出版社@d2012 | |
| 215 | @a224页@d21cm | |
| 300 | @a深圳大学学术著作出版基金资助 | |
| 330 | @a本书从诠释通识教育的理念人手,结合通识教育在美国诞生的历史,分析与解读香港、澳门、台湾三地通识教育的历史和现状,并最终对台、港、澳三地通识教育的理念及实施状况进行了比较。 | |
| 606 | 0 | @a公民教育 |
| 606 | 0 | @a公民教育@x对比研究@y香港@y澳门@y台湾 |
| 690 | @aD648.3@v5 | |
| 701 | 0 | @a刘志山@ALiu Zhi Shan@4主编 |
| 701 | 0 | @a梁桂麟@ALiang Gui Lin@4主编 |
| 801 | @aCN@bTANGWEI@c20130522 | |
| 905 | @b0834557-59@dD648.3@e162@f3 | |
| 港澳台公民教育比较研究/刘志山,梁桂麟主编.-北京:中国社会科学出版社,2012 |
| 224页;21cm |
| 深圳大学学术著作出版基金资助 |
| ISBN 978-7-5161-1063-8:CNY22.00 |
| 本书从诠释通识教育的理念人手,结合通识教育在美国诞生的历史,分析与解读香港、澳门、台湾三地通识教育的历史和现状,并最终对台、港、澳三地通识教育的理念及实施状况进行了比较。 |
| ● |
| 相关链接 |
|
|
|
|
正题名:港澳台公民教育比较研究
索取号:D648.3/162
 
预约/预借
| 序号 | 登录号 | 条形码 | 馆藏地/架位号 | 状态 | 备注 |
| 1 | 0834557 | 208345575 | 第一样本阅览室/ [索取号:D648.3/162] | 在馆 | |
| 2 | 0834558 | 208345584 | 第一借阅区/ [索取号:D648.3/162] | 在馆 | |
| 3 | 0834559 | 208345593 | 第一借阅区/ [索取号:D648.3/162] | 在馆 |